| 000 | 00000nas 2200000za 4500 |
| 001 | 9.507500 |
| 003 | CaOODSP |
| 005 | 20221107133805 |
| 007 | cr ||||||||||| |
| 008 | 150406d20082009oncar p o f0 a0eng|d |
| 040 | |aCaOODSP|beng |
| 043 | |an-cn--- |
| 086 | 1 |aCC371-2E-PDF |
| 110 | 1 |aCanada.|bTelefilm Canada. |
| 245 | 10|aTelefilm Canada corporate plan 2006/2007-2010/2011, priorities |h[electronic resource]. |
| 260 | |a[Ottawa] : |bTelefilm Canada, |c[2008-2009?] |
| 310 | |aAnnual |
| 362 | 0 |a[2008/2009-2009/2010]. |
| 500 | |aIssued also in French under title: Téléfilm Canada, plan d'entreprise 2006/2007-2010/2011, priorités. |
| 690 | 07|aAnnual reports|2gcpds |
| 775 | 08|tTéléfilm Canada, plan d'entreprise 2006/2007-2010/2011, priorités |w(CaOODSP)9.503887 |